| 000 | 01492nas a2200361 4500 | ||
|---|---|---|---|
| 001 | BR2011007613 | ||
| 003 | BR-BrBNA | ||
| 005 | 20231205115803.0 | ||
| 007 | ta | ||
| 008 | 230509b bl.|||p| |||| 00| 00por d | ||
| 040 |
_aBR-BrBNA _bpor _cBiblioteca Nacional de Agricultura |
||
| 041 | _a(Pt) | ||
| 072 | _aL72 | ||
| 100 | 1 | _aCorreia, T.R. | |
| 100 | 1 | _aMelo, R.M.P. dos | |
| 100 | 1 | _aFernandes, J.I. | |
| 100 | 1 | _aFreitas, I.F. de | |
| 100 | 1 | _aVieira, V.P. da C. | |
| 100 | 1 | _aRibeiro, F. de A. | |
| 100 | 1 | _aVerocai, G.G. | |
| 100 | 1 | _aScott, F.B. | |
| 245 | 1 | _aEficácia de uma formulação para aplicação ambiental contendo o piretróide ciflutrina e o regulador de crescimento de insetos piriproxifen no controle de Ctenocephalides felis felis (Bouché, 1835)(Siphonaptera: pulicidae) | |
| 246 | 1 | _aEfficacy of an environmental formulation with the pyrethroid cyfluthrin and the insect growth regulator pyriproxyfen in tha control of Ctenocephalides felis felis (Bouché, 1835)(Siphonaptera: pulicidae) | |
| 650 | _aPRAGA DE ANIMAL | ||
| 650 | _aPULGA | ||
| 650 | _aGATO | ||
| 650 | _aINSETICIDA PIRETRÓIDE | ||
| 650 | _aCONTROLE AMBIENTAL | ||
| 773 | 0 |
_tRevista Brasileira de Medicina Veterinária (Brazil) _xISSN 0100-2430 _g(Dec 2010), v. 32(suppl. 1) p. 17-20 _wBR2011007613 |
|
| 856 | 4 |
_uhttp://www.rbmv.com.br/pdf_artigos/06-10-2011_13-42Suple004.pdf _yRecurso eletrônico (PDF) |
|
| 909 |
_a202311 _bLúcia _c55 _dLúcia Elande |
||
| 942 |
_2AGRIS _n0 _cANA |
||
| 999 |
_c215686 _d215686 |
||